[Event "PRO League Group Stage"]
[Site "chess.com INT"]
[Date "2019.01.17"]
[Round "2"]
[White "Tari, Aryan"]
[Black "Admiraal, Miguoel"]
[Result "1/2-1/2"]
[WhiteTitle "GM"]
[BlackTitle "IM"]
[WhiteElo "2625"]
[BlackElo "2478"]
[WhiteTeam "Norway Gnomes"]
[BlackTeam "Amsterdam Mosquitoes"]
[WhiteFideId "1510045"]
[BlackFideId "1019716"]
[EventDate "2019.01.08"]

1. c4 e5 2. Nf3 e4 3. Nd4 Nf6 4. d3 Bb4+ 5. Bd2 Bxd2+ 6. Qxd2 O-O 7. Nc3 exd3 8.
e3 d5 9. Bxd3 dxc4 10. Bxc4 a6 11. b4 Qe7 12. Rb1 Nbd7 13. O-O c5 14. Nf5 Qe5
15. Nd6 cxb4 16. Rxb4 b5 17. Be2 Nb6 18. a4 Nbd5 19. Nxd5 Nxd5 20. Rd4 Be6 21.
Ne4 Nf6 22. Nxf6+ Qxf6 23. axb5 axb5 24. Bxb5 Ra2 25. Qc3 h6 26. Qd3 Rb8 27. Rd6
Qe5 28. Rd8+ Rxd8 29. Qxd8+ Kh7 30. Bd3+ g6 31. h4 Ra1 32. Rxa1 Qxa1+ 33. Kh2
Kg7 34. Qd6 Qf6 35. Qg3 Qc3 36. Be4 Qf6 37. Bf3 Qc3 38. Qf4 Qf6 39. Qd4 g5 40.
Kg3 Bc8 41. hxg5 hxg5 42. Bg4 Qxd4 43. exd4 f5 44. Bf3 f4+ 45. Kh2 Kf6 46. Kg1
Ba6 47. g4 Ke7 48. Be4 Kd6 49. f3 Bc4 50. Kf2 Bb3 51. Ke2 Bc4+ 52. Kd2 Bb3 53.
Kc3 Bf7 54. Kb4 Bg8 55. Kc3 Bf7 56. Kd3 Ba2 57. Ba8 Bb1+ 58. Kc3 Bg6 59. Be4
Bxe4 60. fxe4 Ke6 61. Kd3 Kd6 62. Kc4 Ke6 63. e5 Ke7 64. d5 Kd7 65. Kd4 Ke7 66.
Ke4 Kd7 67. e6+ Kd6 68. Kd4 Ke7 69. Ke4 Kd6 70. Kd4 Ke7 71. Ke4 Kd6 72. Kd4 Ke7
73. Kd3 Kd6 74. Ke2 Ke7 75. Kf2 Kd6 76. Kf3 Ke7 77. Kg2 Kd6 78. Kf2 Ke7 79. Kf1
Kd6 80. Kg1 Ke7 81. Kh2 Kd6 82. Kh3 Ke7 83. Kg2 Kd6 84. Kf2 Ke7 85. Kf3 Kd6 86.
Ke4 Ke7 1/2-1/2

[Event "PRO League Group Stage"]
[Site "chess.com INT"]
[Date "2019.01.17"]
[Round "2"]
[White "Vrolijk, Liam"]
[Black "Hansen, Torbjorn Ringdal"]
[Result "1-0"]
[WhiteTitle "IM"]
[BlackTitle "GM"]
[WhiteElo "2433"]
[BlackElo "2419"]
[WhiteTeam "Amsterdam Mosquitoes"]
[BlackTeam "Norway Gnomes"]
[WhiteFideId "1048333"]
[BlackFideId "1501720"]
[EventDate "2019.01.08"]

1. Nf3 Nf6 2. g3 g6 3. b3 Bg7 4. Bb2 b5 5. Bg2 Bb7 6. c4 bxc4 7. bxc4 O-O 8. O-O
d6 9. d4 Nbd7 10. Nbd2 c5 11. d5 Qa5 12. Qc2 Rab8 13. Bc3 Qa6 14. e4 Nb6 15. e5
Nfd7 16. exd6 exd6 17. Rfe1 Qa4 18. Qxa4 Nxa4 19. Bxg7 Kxg7 20. Ne4 Ndb6 21.
Nxd6 Rfd8 22. Nxb7 Rxb7 23. Ne5 Rd6 24. Bf1 Re7 25. Nc6 Rxe1 26. Rxe1 Nb2 27.
Na5 Rd7 28. Kg2 Kf8 29. Rb1 N2a4 30. Nc6 Nc3 31. Rb2 Nba4 32. Rb8+ Kg7 33. a3
Ne4 34. Rb5 Nac3 35. Ra5 Rb7 36. Bd3 Rb2 37. Bxe4 Nxe4 38. Rxa7 Rxf2+ 39. Kg1
Ra2 40. Nd8 Nd6 41. Ne6+ Kf6 42. Nxc5 Nxc4 43. Ne4+ Ke5 44. Re7+ Kxd5 45. Nc3+
Kd6 46. Rxf7 Rc2 47. Ne4+ Ke5 48. Re7+ Kd4 49. Nf2 h5 50. a4 Ra2 51. Rd7+ Ke5
52. Ra7 Ra1+ 53. Kg2 Ra2 54. h4 Ne3+ 55. Kf3 Nf5 56. Ra5+ Ke6 57. Ne4 Nd4+ 58.
Kf4 Kf7 59. Ra7+ Ke6 60. Ra6+ Kf7 61. Kg5 Re2 62. Nd6+ Kf8 63. Kxg6 Rg2 64. Ne4
Ne2 65. Kxh5 Nxg3+ 66. Nxg3 Rxg3 67. a5 Ra3 68. Kg6 Rg3+ 69. Kh6 Ra3 70. h5 Kf7
71. Ra7+ Kf6 72. Kh7 Ra1 73. h6 Ra2 74. Kg8 Rg2+ 75. Rg7 Rb2 76. Kh8 Rb8+ 77.
Rg8 Rb7 78. Rg7 Rb8+ 79. Kh7 Ra8 80. a6 Kf5 81. Rf7+ Ke6 82. Kg7 1-0

[Event "PRO League Group Stage"]
[Site "chess.com INT"]
[Date "2019.01.17"]
[Round "2"]
[White "Lopez, Jasel"]
[Black "Holm, Kristian Stuvik"]
[Result "1-0"]
[WhiteTitle "FM"]
[BlackTitle "IM"]
[WhiteElo "2388"]
[BlackElo "2468"]
[WhiteTeam "Amsterdam Mosquitoes"]
[BlackTeam "Norway Gnomes"]
[WhiteFideId "15900045"]
[BlackFideId "1508083"]
[EventDate "2019.01.08"]

1. Nf3 Nf6 2. c4 e6 3. Nc3 d5 4. d4 dxc4 5. e4 b5 6. e5 Nd5 7. Nxb5 Nb6 8. Be2
Nc6 9. O-O Be7 10. Be3 O-O 11. Rc1 Rb8 12. Nc3 Bb7 13. Qd2 Nb4 14. Rfd1 Nd3 15.
Rc2 Nb4 16. Rcc1 Ba8 17. a3 Nd3 18. Rc2 Nd5 19. Bxd3 cxd3 20. Qxd3 Nxc3 21. Qxc3
c5 22. Rcc1 c4 23. Qxc4 Rxb2 24. Qa6 Bxf3 25. gxf3 Qa8 26. Kg2 Rb6 27. Qa5 Rb3
28. Rc3 Bd8 29. Qc5 Bb6 30. Qxf8+ Qxf8 31. Rxb3 h6 32. Rc3 Kh7 33. d5 exd5 34.
Bxb6 axb6 35. Rxd5 Qe7 36. f4 Qe6 37. Rd4 h5 38. h3 h4 39. Rc7 Qg6+ 40. Kh2 Qh5
41. Rc3 Qe2 42. Kg2 Kg6 43. Re3 Qc2 44. Rd6+ Kf5 45. Rxb6 Kxf4 46. Rb4+ Kf5 47.
Rxh4 Qc6+ 48. Kh2 Qc2 49. Kg3 Qb1 50. Rf4+ Ke6 51. Kh2 Qb8 52. Rd4 Qb2 53. Rf4
Qb8 54. Kg3 Qb1 55. Kg2 Qb7+ 56. Ref3 Qb1 57. Rxf7 Qg6+ 58. Kh2 Qg5 59. R7f5 Qd2
60. R5f4 Kxe5 61. Rg4 Qd7 62. Re3+ Kf6 63. Rf3+ Ke5 64. Rfg3 Qf7 65. Kg2 Qd5+
66. Rf3 Qd7 67. Re3+ Kf5 68. Rf3+ Ke5 69. Kg3 Ke6 70. Rg6+ Ke5 71. Rg5+ Ke6 72.
Rg4 Ke5 73. h4 Qc7 74. Kg2 Qb7 75. Rg5+ Ke6 76. Rg4 Ke5 77. a4 Ke6 78. a5 Qa7
79. a6 Ke5 80. Rg5+ Ke4 81. Rg6 Ke5 82. Rfg3 Qa8+ 83. Kh2 Qf8 84. Kg1 Qb8 85.
Rxg7 Kf6 86. a7 Qb1+ 87. Kh2 Qa1 88. R7g6+ Kf5 89. R6g5+ Kf6 90. Rg7 Qa2 91. Kg2
Qd5+ 92. Kg1 Qa2 93. h5 Qa1+ 94. Kg2 Qa2 95. h6 Qd5+ 96. Kg1 Qd1+ 97. Kg2 Qd5+
98. Rf3+ Ke6 99. h7 Qa8 100. Rg8 Qxa7 101. h8=Q Kd5 102. Rg5+ Kc6 103. Qf6+ Kb7
104. Rb3+ Kc8 105. Rg8+ Kd7 106. Rd8+ Kc7 107. Qd6# 1-0

[Event "PRO League Group Stage"]
[Site "chess.com INT"]
[Date "2019.01.17"]
[Round "2"]
[White "Mekhitarian, Krikor Sevag"]
[Black "Forcen Esteban, Daniel"]
[Result "0-1"]
[WhiteTitle "GM"]
[BlackTitle "GM"]
[WhiteElo "2536"]
[BlackElo "2567"]
[WhiteTeam "Cannes Blitzstreams"]
[BlackTeam "Barcelona Raptors"]
[WhiteFideId "2107660"]
[BlackFideId "2288230"]
[EventDate "2019.01.08"]

1. Nf3 c5 2. c4 Nc6 3. Nc3 e5 4. e3 Nf6 5. d4 e4 6. d5 exf3 7. dxc6 bxc6 8. e4
fxg2 9. Bxg2 Qc7 10. Be3 d6 11. Qd2 Ng4 12. Bg5 h6 13. Bh4 Ne5 14. b3 g5 15. Bg3
Bg7 16. Rd1 Bg4 17. Rc1 Nf3+ 18. Bxf3 Bxf3 19. Rg1 O-O-O 20. Qe3 Bh5 21. Kd2 Qa5
22. Kc2 Rhe8 23. Qd3 Rxe4 24. Rge1 Rxe1 25. Rxe1 Bg6 0-1

[Event "PRO League Group Stage"]
[Site "chess.com INT"]
[Date "2019.01.17"]
[Round "2"]
[White "Lagarde, Maxime"]
[Black "Asis Gargatagli, Hipolito"]
[Result "1-0"]
[WhiteTitle "GM"]
[BlackTitle "IM"]
[WhiteElo "2604"]
[BlackElo "2529"]
[WhiteTeam "Cannes Blitzstreams"]
[BlackTeam "Barcelona Raptors"]
[WhiteFideId "662399"]
[BlackFideId "2260735"]
[EventDate "2019.01.08"]

1. b3 b6 2. a4 a5 3. Bb2 Bb7 4. Nh3 e6 5. e3 Nf6 6. d3 Be7 7. Nd2 O-O 8. Rg1 d5
9. g4 c5 10. g5 Nfd7 11. Qh5 Nc6 12. Rg4 Re8 13. Nf4 Nf8 14. Bxg7 Ng6 15. Qh6
Nce5 16. Bxe5 Bf8 17. Bf6 1-0

[Event "PRO League Group Stage"]
[Site "chess.com INT"]
[Date "2019.01.17"]
[Round "2"]
[White "Munoz, Miguel"]
[Black "Cornette, Deimante"]
[Result "1/2-1/2"]
[WhiteTitle "GM"]
[BlackTitle "IM"]
[WhiteElo "2475"]
[BlackElo "2448"]
[WhiteTeam "Barcelona Raptors"]
[BlackTeam "Cannes Blitzstreams"]
[WhiteFideId "3800229"]
[BlackFideId "12802859"]
[EventDate "2019.01.08"]

1. e4 c5 2. g3 Nc6 3. Bg2 g6 4. Ne2 Bg7 5. c3 e5 6. d3 d6 7. Be3 Nf6 8. h3 O-O
9. O-O b6 10. g4 h5 11. g5 Nh7 12. h4 f6 13. f4 Bg4 14. f5 Ne7 15. Qb3+ Kh8 16.
Ng3 fxg5 17. hxg5 gxf5 18. exf5 Nxf5 19. Nxf5 Bxf5 20. Bxa8 Qxa8 21. Nd2 Bxd3
22. Rxf8+ Qxf8 23. Qe6 e4 24. g6 Nf6 25. Qf5 Qe8 26. Nf1 Qd7 27. Qxd7 Nxd7 28.
Ng3 h4 29. Nf5 Be5 30. Nxh4 Kg7 31. Kf2 Bf6 32. Nf5+ Kxg6 33. Nxd6 Bh4+ 34. Kg2
Ne5 35. Rh1 Nf3 36. Nc8 Kf5 37. Nxa7 Kg4 38. Nc8 b5 39. Bxc5 Ne1+ 40. Rxe1 Bxe1
41. Be3 Bh4 42. Nb6 Kf5 43. a4 bxa4 44. Nxa4 Ke5 45. Nc5 Be2 46. Nb3 Bf3+ 47.
Kf1 Kd5 48. Nd2 Bd1 49. c4+ Ke5 50. b4 Bd8 51. b5 Ba4 52. Ke2 Bc2 53. b6 Kd6 54.
c5+ Kc6 55. Kf2 Bh4+ 56. Kg2 Be1 57. Nc4 Bc3 58. Kg3 Bd3 59. Nd6 Be5+ 60. Bf4
Bxd6 61. Bxd6 Bc2 62. Kf4 Bd3 63. Ke3 Bc2 64. Kd4 Bd3 65. Bf4 Bc2 66. Kc4 Bd3+
67. Kb4 Kb7 68. Be3 Be2 69. Kc3 Bd3 70. Kd4 Kc6 71. Ke5 Bc4 72. Kf6 Bd3 73. Ke7
Ba6 74. Kd8 Bb7 75. Bf2 Ba6 76. Ke7 Bb7 77. Ke6 Ba6 78. Ke5 Bd3 79. Kf6 Bc4 80.
Ke7 Ba6 81. Be3 Bb7 82. Ke6 Ba6 83. Ke5 Bd3 84. Bf2 Bc2 85. Ke6 Bd3 86. Kf6 Bc2
87. Ke7 Bd3 88. Ke8 Ba6 89. Ke7 Bd3 90. Ke6 Bc2 91. Ke5 Bd3 92. Kd4 Bc2 93. Ke5
Bd3 94. Be3 Bc2 95. Ke6 Bd3 96. Kf5 Bc2 97. Kf4 Bd3 98. Ke5 Bc2 99. Bf4 Bd3 100.
Ke6 Bc4+ 101. Ke5 Bd3 102. Bg5 Bc2 103. Ke6 Bd3 1/2-1/2

[Event "PRO League Group Stage"]
[Site "chess.com INT"]
[Date "2019.01.17"]
[Round "2"]
[White "Alvarado Diaz, Alejandro"]
[Black "Velten, Paul"]
[Result "0-1"]
[WhiteTitle "IM"]
[BlackTitle "GM"]
[WhiteElo "2388"]
[BlackElo "2496"]
[WhiteTeam "Barcelona Raptors"]
[BlackTeam "Cannes Blitzstreams"]
[WhiteFideId "2276119"]
[BlackFideId "681091"]
[EventDate "2019.01.08"]

1. e4 e6 2. d4 d5 3. Nd2 Nf6 4. e5 Nfd7 5. f4 c5 6. c3 b6 7. Ndf3 Ba6 8. Bxa6
Nxa6 9. Ne2 Qc8 10. O-O g6 11. g4 Qc6 12. f5 gxf5 13. gxf5 h6 14. f6 O-O-O 15.
a3 Nc7 16. b4 a5 17. Kh1 a4 18. Be3 Qb5 19. Rf2 Qa6 20. h3 Kb7 21. Kh2 cxb4 22.
cxb4 Nb5 23. Bc1 Rc8 24. Bb2 Rc7 25. Nf4 Nb8 26. Rc2 Rxc2+ 27. Qxc2 Nc6 28. Rc1
Nba7 29. Rg1 Qb5 30. Nd2 h5 31. Rg7 Nd8 32. Rh7 Bh6 33. Rxh6 Rxh6 34. Kg3 h4+
35. Kf2 Rh8 36. Qb1 Ndc6 37. Qg1 Rc8 38. Qg7 Nd8 39. Qh7 Qc6 40. Ke2 Nb5 41.
Qxh4 Qc2 42. Nd3 Nc3+ 43. Bxc3 Rxc3 44. Qh7 Kc8 45. h4 Rxa3 46. h5 Ra1 47. Qh6
Qd1+ 48. Ke3 Qg1+ 49. Ke2 Qg4+ 50. Ke3 Rh1 51. Nf4 Qg3+ 52. Nf3 Rf1 0-1

[Event "PRO League Group Stage"]
[Site "chess.com INT"]
[Date "2019.01.17"]
[Round "2"]
[White "Pavasovic, Dusko"]
[Black "Braun, Arik"]
[Result "0-1"]
[WhiteTitle "GM"]
[BlackTitle "GM"]
[WhiteElo "2546"]
[BlackElo "2598"]
[WhiteTeam "Ljubljana Turtles"]
[BlackTeam "Berlin Bears"]
[WhiteFideId "14600986"]
[BlackFideId "4663527"]
[EventDate "2019.01.08"]

1. e4 c6 2. d4 d5 3. Nd2 dxe4 4. Nxe4 Bf5 5. Ng3 Bg6 6. h4 h6 7. Bc4 e6 8. N1e2
Nf6 9. Nf4 Bh7 10. Be3 Nd5 11. Bd3 Nxf4 12. Bxf4 Qxd4 13. Ne2 Qd7 14. Bxh7 Qxd1+
15. Rxd1 Rxh7 16. Rh3 Nd7 17. Rhd3 O-O-O 18. Nc3 Bb4 19. Ke2 Bxc3 20. Rxc3 e5
21. Be3 a6 22. Rcd3 Rhh8 23. c4 Nf6 24. Bb6 Rxd3 25. Rxd3 Nd7 26. Ba5 h5 27. Rf3
f6 28. Ke3 Nc5 29. Rg3 Rg8 30. Bb4 Ne6 31. Ke4 c5 32. Bd2 g6 33. Rf3 Rf8 34. Bh6
Rf7 35. Bg5 Nf4 36. Bxf6 Rxf6 37. Kxe5 Rf5+ 0-1

[Event "PRO League Group Stage"]
[Site "chess.com INT"]
[Date "2019.01.17"]
[Round "2"]
[White "Borisek, Jure"]
[Black "Bezold, Michael"]
[Result "0-1"]
[WhiteTitle "GM"]
[BlackTitle "GM"]
[WhiteElo "2584"]
[BlackElo "2487"]
[WhiteTeam "Ljubljana Turtles"]
[BlackTeam "Berlin Bears"]
[WhiteFideId "14603152"]
[BlackFideId "4601718"]
[EventDate "2019.01.08"]

1. e4 g6 2. d4 Bg7 3. Nc3 d6 4. Be3 a6 5. f4 b5 6. Nf3 Bb7 7. Bd3 Nd7 8. e5 e6
9. a4 b4 10. Ne4 Nb6 11. a5 Nd5 12. Bd2 f5 13. Neg5 Qd7 14. c4 bxc3 15. bxc3 h6
16. Nh3 c5 17. Rb1 cxd4 18. cxd4 Bc6 19. Qe2 Nc7 20. O-O Ne7 21. exd6 Qxd6 22.
Bb4 Qd7 23. Rfc1 Nb5 24. Nf2 Bxf3 25. Qxf3 Nd5 26. Bxb5 axb5 27. Nd3 Bxd4+ 28.
Kh1 Kf7 29. Be1 Rhc8 30. Rd1 Rc4 31. Rb3 Qc6 32. Rdb1 Nc7 33. Qe2 Qe4 34. Qf1 g5
35. Bd2 g4 36. Re1 Qd5 37. Rbb1 Rd8 38. Be3 Kg7 39. Bxd4+ Rxd4 40. Ne5 Rb8 41.
Rec1 Rb7 42. Qf2 Rd2 43. Qg1 h5 44. Rc5 Qd4 45. Rbc1 Qxg1+ 46. Kxg1 Nd5 47. Nc6
Nxf4 48. Ra1 Rbd7 49. a6 Rxg2+ 0-1

[Event "PRO League Group Stage"]
[Site "chess.com INT"]
[Date "2019.01.17"]
[Round "2"]
[White "Baldauf, Marco"]
[Black "Unuk, Laura"]
[Result "0-1"]
[WhiteTitle "IM"]
[BlackTitle "WIM"]
[WhiteElo "2485"]
[BlackElo "2234"]
[WhiteTeam "Berlin Bears"]
[BlackTeam "Ljubljana Turtles"]
[WhiteFideId "4688210"]
[BlackFideId "14609215"]
[EventDate "2019.01.08"]

1. c4 c5 2. g3 g6 3. Bg2 Bg7 4. Nc3 Nc6 5. d3 d6 6. a3 e6 7. Bd2 Nge7 8. Rb1 a5
9. h4 h5 10. Nh3 d5 11. cxd5 exd5 12. Nf4 d4 13. Ne4 b6 14. b4 axb4 15. axb4
cxb4 16. Bxb4 Nxb4 17. Rxb4 Ra5 18. Qb1 O-O 19. Rxb6 Nf5 20. O-O Be5 21. Nh3
Nxh4 22. gxh4 Qxh4 23. f4 Bxh3 24. fxe5 Bxg2 25. Kxg2 Qg4+ 26. Kh2 Qh4+ 27. Kg2
Qg4+ 28. Kf2 Qh4+ 29. Ng3 Rxe5 30. Kg2 Qg4 31. Kf2 Re3 32. Rg1 Qf4+ 33. Ke1 Rxg3
34. Rxg3 Qxg3+ 35. Kd1 Qg1+ 36. Kc2 Rc8+ 37. Kb2 Qe3 38. Qe1 Re8 39. Kb3 Qxe2
40. Qxe2 Rxe2 41. Kc4 h4 42. Kxd4 h3 43. Rb1 h2 44. Rh1 g5 0-1

[Event "PRO League Group Stage"]
[Site "chess.com INT"]
[Date "2019.01.17"]
[Round "2"]
[White "Berger, Steve"]
[Black "Markoja, Boris"]
[Result "1-0"]
[WhiteTitle "IM"]
[BlackTitle "IM"]
[WhiteElo "2435"]
[BlackElo "2442"]
[WhiteTeam "Berlin Bears"]
[BlackTeam "Ljubljana Turtles"]
[WhiteFideId "4644786"]
[BlackFideId "14608502"]
[EventDate "2019.01.08"]

1. e4 c5 2. Nc3 g6 3. f4 Bg7 4. Nf3 Nc6 5. Bb5 Na5 6. O-O a6 7. Be2 Nc6 8. d3 d6
9. Qe1 Nd4 10. Bd1 Nf6 11. Be3 Nd7 12. Rb1 O-O 13. a4 b5 14. axb5 axb5 15. Bxd4
cxd4 16. Ne2 e5 17. f5 Bh6 18. Kh1 Nc5 19. Qg3 Kh8 20. Nxe5 gxf5 21. Nc6 Qc7 22.
Qh4 Bg7 23. exf5 Qxc6 24. f6 Bh6 25. Nxd4 Qb6 26. Qxh6 Rg8 27. Bf3 Ra4 28. Nc6
Ne6 29. Ne7 Rg5 30. Nxc8 Qc5 31. Ne7 1-0

[Event "PRO League Group Stage"]
[Site "chess.com INT"]
[Date "2019.01.17"]
[Round "2"]
[White "Alekseenko, Kirill"]
[Black "Vachier-Lagrave, Maxime"]
[Result "1/2-1/2"]
[WhiteTitle "GM"]
[BlackTitle "GM"]
[WhiteElo "2637"]
[BlackElo "2780"]
[WhiteTeam "Baden-Baden Snowballs"]
[BlackTeam "Marseille Migraines"]
[WhiteFideId "4135539"]
[BlackFideId "623539"]
[EventDate "2019.01.08"]

1. e4 c5 2. Nf3 d6 3. d4 cxd4 4. Nxd4 Nf6 5. Nc3 a6 6. h4 Nc6 7. h5 e5 8. Nb3
Be6 9. Bg5 Be7 10. h6 g6 11. Qd2 b5 12. Rd1 b4 13. Bxf6 Bxf6 14. Nd5 Bg5 15.
Nc7+ Qxc7 16. Qxg5 Ne7 17. Bd3 Nc8 18. Qf6 Rg8 19. O-O g5 20. Rc1 Qe7 21. Qxe7+
Nxe7 22. c3 bxc3 23. Rxc3 Rg6 24. Na5 Rxh6 25. Rd1 d5 26. Rc5 Rc8 27. Rxc8+ Bxc8
28. exd5 Nxd5 29. Bxa6 Rxa6 30. Rxd5 f6 31. a3 Be6 32. Rc5 Kd7 33. Kf1 h5 34. b4
h4 35. f3 Rd6 36. Ke2 g4 37. fxg4 Bxg4+ 38. Ke3 Rd1 39. b5 Rb1 40. Nc4 Rb3+ 41.
Ke4 Be6 42. Nb6+ Kd6 43. Rc6+ Ke7 44. Rc7+ Kd6 45. Rc6+ Ke7 46. Rc7+ Kd6 1/2-1/2

[Event "PRO League Group Stage"]
[Site "chess.com INT"]
[Date "2019.01.17"]
[Round "2"]
[White "Meier, Georg"]
[Black "Bacrot, Etienne"]
[Result "1/2-1/2"]
[WhiteTitle "GM"]
[BlackTitle "GM"]
[WhiteElo "2623"]
[BlackElo "2684"]
[WhiteTeam "Baden-Baden Snowballs"]
[BlackTeam "Marseille Migraines"]
[WhiteFideId "4675789"]
[BlackFideId "605506"]
[EventDate "2019.01.08"]

1. e4 c5 2. Nf3 Nc6 3. Bb5 g6 4. Bxc6 dxc6 5. d3 Bg7 6. h3 Nf6 7. Nc3 Nd7 8. Be3
e5 9. Qd2 h6 10. a3 a5 11. O-O b6 12. Na4 f5 13. exf5 gxf5 14. Rae1 Kf8 15. Qc1
Kg8 16. c4 Kh7 17. Qc2 Rg8 18. Kh1 Qe8 19. Nh2 Qg6 20. f4 exf4 21. Bxf4 b5 22.
Nc3 bxc4 23. dxc4 Nf8 24. Nf3 Qh5 25. Ne2 Ne6 26. Ng3 Qf7 27. Bd6 Qg6 28. Nxf5
Nd4 29. N3xd4 cxd4 30. Re7 Bxf5 31. Qxf5 Rge8 32. g4 Rxe7 33. Bxe7 Re8 34. Bc5
d3 35. Rd1 Qxf5 36. gxf5 Bxb2 37. Rxd3 Re5 38. Rd7+ Kg8 39. Bd4 Bxd4 40. Rxd4
Rxf5 41. Kg2 Kg7 42. Kg3 Rf6 43. Kg4 Kg6 44. Re4 Rd6 45. Kf4 Rd3 46. Re6+ Kg7
47. h4 Rxa3 48. Rxc6 a4 49. h5 Ra1 50. Rg6+ Kf7 51. Ra6 a3 52. Kg3 a2 53. Kg2
Ke7 54. c5 Kd7 55. Kh2 Kc7 56. c6 Kd6 57. Kg2 Kc7 58. Kh2 Kd6 59. Kg2 Kc7 60.
Kh2 Kd6 61. Kg2 Kc7 62. Kh2 1/2-1/2

[Event "PRO League Group Stage"]
[Site "chess.com INT"]
[Date "2019.01.17"]
[Round "2"]
[White "Delorme, Alban"]
[Black "Agrest, Inna"]
[Result "1-0"]
[WhiteTitle "FM"]
[BlackTitle "WIM"]
[WhiteElo "2320"]
[BlackElo "2275"]
[WhiteTeam "Marseille Migraines"]
[BlackTeam "Baden-Baden Snowballs"]
[WhiteFideId "623636"]
[BlackFideId "1708830"]
[EventDate "2019.01.08"]

1. d4 Nf6 2. Nf3 g6 3. g3 Bg7 4. Bg2 O-O 5. O-O d6 6. a4 Nbd7 7. a5 a6 8. Nc3 e5
9. e4 exd4 10. Nxd4 Re8 11. Re1 Nc5 12. h3 c6 13. Bf4 Nh5 14. Be3 Nf6 15. Bg5 h6
16. Bf4 Nh5 17. Bc1 Qf6 18. Be3 Bd7 19. Qd2 g5 20. Rad1 Rad8 21. Nf5 Bxf5 22.
exf5 Bh8 23. g4 Nf4 24. Bxf4 gxf4 25. Qxf4 d5 26. Qb4 Qd6 27. Rxe8+ Rxe8 28.
Nxd5 cxd5 29. Rxd5 Qe7 30. Rxc5 Qd6 31. Qc4 Bd4 32. Rc8 Rxc8 33. Qxc8+ Kg7 34.
Qc4 Qf4 35. Qe2 Bxb2 36. h4 Bc3 37. Qe3 Qb4 38. g5 Bd4 39. f6+ Kf8 40. Qe4 1-0

[Event "PRO League Group Stage"]
[Site "chess.com INT"]
[Date "2019.01.17"]
[Round "2"]
[White "Regoli, Stephane"]
[Black "Kollars, Dmitrij"]
[Result "0-1"]
[BlackTitle "GM"]
[WhiteElo "2256"]
[BlackElo "2562"]
[WhiteTeam "Marseille Migraines"]
[BlackTeam "Baden-Baden Snowballs"]
[WhiteFideId "615110"]
[BlackFideId "12909572"]
[EventDate "2019.01.08"]

1. e4 e5 2. Nf3 Nc6 3. Nc3 Nf6 4. d4 exd4 5. Nxd4 Bc5 6. Nxc6 bxc6 7. Bd3 d6 8.
O-O Ng4 9. h3 Ne5 10. Bf4 Qf6 11. Bg3 a5 12. Be2 O-O 13. Kh2 Ng6 14. Qd2 Qd4 15.
Rad1 Qxd2 16. Rxd2 Rb8 17. Na4 Ba7 18. b3 f5 19. exf5 Bxf5 20. Bd3 Bd7 21. c4
Nf4 22. c5 Be6 23. Re1 Bd5 24. Be4 Bxc5 25. Nxc5 dxc5 26. Bxf4 Rxf4 27. Bxd5+
cxd5 28. Rxd5 Rxf2 29. Re7 Kh8 30. Rxc5 Rxa2 31. Rcxc7 Rg8 32. Ra7 h6 33. h4 Ra1
34. b4 a4 35. b5 Rb1 36. Reb7 Rb4 37. b6 Rxh4+ 38. Kg3 Rb4 39. Kh3 Kh7 40. Ra6
Rd8 41. Raa7 Rg8 42. Ra6 Rb3+ 43. g3 a3 44. Rba7 Rb8 45. b7 R8xb7 46. Rxb7 Rxb7
47. Rxa3 Rb6 48. Ra8 Kg6 49. Ra7 Rb5 50. Rc7 Kf6 51. Rc6+ Kg5 52. Rc7 g6 53. Rc6
Rd5 54. Ra6 Re5 55. Rb6 h5 56. Rb8 Re4 57. Rb5+ Kf6 58. Rb6+ Kg5 59. Rb5+ Kh6
60. Rb6 Rd4 61. Ra6 Rd5 62. Ra8 Kg5 63. Rb8 Kf6 64. Rb6+ Kf5 65. Rb8 Rd6 66.
Rb5+ Kf6 67. Rb8 Rd2 68. Rb6+ Kg7 69. Rb7+ Kh6 70. Rb6 Re2 71. Ra6 Rf2 72. Rb6
Kg7 73. Rb7+ Rf7 74. Rb6 Rf6 75. Rb7+ Kh6 76. Ra7 g5 77. Ra5 Kg6 78. Kg2 Rd6 79.
Kh3 Kf6 80. Rb5 Rd3 81. Rb6+ Ke5 82. Rb5+ Rd5 83. Rb8 Kf6 84. Rb6+ Kf5 85. Rb8
Re5 86. Rf8+ Kg6 87. Rg8+ Kh7 88. Ra8 Re6 89. Rb8 Kg7 90. Rb7+ Kg6 91. Rb8 Re2
92. Rb6+ Kf5 93. Rb5+ Re5 94. Rb8 Ke4 95. Rh8 g4+ 96. Kh4 Kf3 97. Rf8+ Kg2 98.
Rf4 Rd5 99. Ra4 Rf5 100. Rb4 Rf8 101. Kxh5 Kh3 102. Rb3 Rf5+ 103. Kg6 Rf3 104.
Rb4 Rxg3 105. Kh5 Rg1 106. Ra4 g3 107. Rh4+ Kg2 108. Rg4 Rd1 109. Kh4 Rh1+ 110.
Kg5 Rh3 111. Kf4 Kf2 0-1

[Event "PRO League Group Stage"]
[Site "chess.com INT"]
[Date "2019.01.17"]
[Round "2"]
[White "Klein, David"]
[Black "Tari, Aryan"]
[Result "1/2-1/2"]
[WhiteTitle "GM"]
[BlackTitle "GM"]
[WhiteElo "2492"]
[BlackElo "2625"]
[WhiteTeam "Amsterdam Mosquitoes"]
[BlackTeam "Norway Gnomes"]
[WhiteFideId "1003623"]
[BlackFideId "1510045"]
[EventDate "2019.01.08"]

1. Nf3 d5 2. g3 g6 3. Bg2 Bg7 4. d4 c6 5. O-O Nh6 6. c4 Nf5 7. e3 O-O 8. Qe2 b6
9. Rd1 Ba6 10. Ne5 f6 11. Nf3 Bxc4 12. Qc2 Nd6 13. Nc3 Nd7 14. e4 e6 15. Bf4 Qe7
16. Re1 Rac8 17. b3 Ba6 18. exd5 cxd5 19. Nxd5 Qf7 20. Qd2 Ne4 21. Rxe4 exd5 22.
Ree1 Rfe8 23. Rxe8+ Rxe8 24. Re1 Bf8 25. h4 Rxe1+ 26. Qxe1 Qe7 27. Qc3 b5 28.
Qc6 Nb6 29. Kh2 b4 30. Bc7 Qd7 31. Qxd7 Nxd7 32. Nd2 Bb7 33. Nf1 f5 34. Bd8 Kf7
35. Nd2 Nf6 36. Bxf6 Kxf6 37. f4 Bd6 38. Kg1 h6 39. Kf2 g5 40. hxg5+ hxg5 41.
Ke3 g4 42. Bf1 Bc7 43. Bb5 Ke7 44. Nf1 Bb6 45. Bd3 Bc8 46. Bb5 a6 47. Bd3 Kd6
48. Nd2 Ke7 49. Nf1 Kd6 50. Be2 Ke7 51. Kd3 a5 52. Ke3 Bd7 53. Bd3 Kf6 54. Bc2
Bb5 55. Bd3 Bd7 56. Bc2 Bb5 57. Bd3 Bd7 58. Bc2 Bb5 1/2-1/2

[Event "PRO League Group Stage"]
[Site "chess.com INT"]
[Date "2019.01.17"]
[Round "2"]
[White "Admiraal, Miguoel"]
[Black "Salomon, Johan"]
[Result "1-0"]
[WhiteTitle "IM"]
[BlackTitle "GM"]
[WhiteElo "2478"]
[BlackElo "2494"]
[WhiteTeam "Amsterdam Mosquitoes"]
[BlackTeam "Norway Gnomes"]
[WhiteFideId "1019716"]
[BlackFideId "1509500"]
[EventDate "2019.01.08"]

1. d4 Nf6 2. Bg5 d5 3. e3 c5 4. c3 Ne4 5. Bf4 Nc6 6. Nd2 Nxd2 7. Qxd2 e6 8. Nf3
Bd7 9. Bd3 Be7 10. O-O O-O 11. dxc5 Bxc5 12. c4 dxc4 13. Bxc4 Qe7 14. Rac1 Rfd8
15. Rfd1 Be8 16. Qc2 Rxd1+ 17. Rxd1 h6 18. a3 Rc8 19. b4 Bb6 20. Ba2 Rd8 21.
Rxd8 Qxd8 22. Bb1 Kf8 23. h3 Ne7 24. Qh7 Ng8 25. Be4 Qe7 26. Bxb7 f6 27. Be4 a5
28. Qh8 f5 29. Bc2 axb4 30. axb4 Qxb4 31. Be5 Qe7 32. Bb3 Bd7 33. Nh4 Qg5 34.
Bd6+ Kf7 35. Nf3 Qd8 36. Ne5+ Kf6 37. Bf8 Kxe5 38. Qxg8 g5 39. Qg7+ Ke4 40. Bd6
Kd3 41. Bb4 Qc8 42. Qb2 Ke4 43. Qd2 f4 44. Bc2+ Ke5 45. Bc3+ Qxc3 46. Qxc3+ Kd6
47. Qb4+ 1-0